Радиометрические методы анализа естественных радиоактивных элементов: практическое руководство

Bibliografiska uppgifter
Huvudupphovsman: Железнова Е. И. Евгения Ивановна
Övriga upphovsmän: Шумилин И. П. Игорь Петрович, Юфа Б. Я. Борис Яковлевич
Sammanfattning:Руководство содержит теоретические основы и описание лабораторных радиометрических, радиохимических и микрорадиографических методов анализа проб по естественной радиоактивности. Книга предназначена для работников лабораторий геологической службы, научно-исследовательских институтов и предприятий.
Språk:ryska
Publicerad: Москва, Недра, 1968
Ämnen:
Materialtyp: MixedMaterials Bok
KOHA link:https://koha.lib.tpu.ru/cgi-bin/koha/opac-detail.pl?biblionumber=142695

MARC

LEADER 00000nam0a2200000 4500
001 142695
005 20231031142833.0
035 |a (RuTPU)RU\TPU\book\154625 
090 |a 142695 
100 |a 20080910d1968 m y0rusy50 ca 
101 0 |a rus 
102 |a RU 
105 |a a z 001zy 
200 1 |a Радиометрические методы анализа естественных радиоактивных элементов  |e практическое руководство  |f Е. И. Железнова, И. П. Шумилин, Б. Я. Юфа 
210 |a Москва  |c Недра  |d 1968 
215 |a 459 с.  |c ил. 
320 |a Литература: с. 450-454. 
330 |a Руководство содержит теоретические основы и описание лабораторных радиометрических, радиохимических и микрорадиографических методов анализа проб по естественной радиоактивности. Книга предназначена для работников лабораторий геологической службы, научно-исследовательских институтов и предприятий. 
610 1 |a радиометрические методы 
610 1 |a анализ 
610 1 |a радиоактивные элементы 
610 1 |a радиоактивные руды 
610 1 |a радиоактивность 
610 1 |a метрологические параметры 
610 1 |a измерительные установки 
610 1 |a радиометрические методы 
610 1 |a горные породы 
610 1 |a руды 
610 1 |a методика 
610 1 |a техника 
610 1 |a радиохимические методы 
610 1 |a радиографические методы 
610 1 |a радиография 
610 1 |a микрорадиография 
610 1 |a оценка качества 
610 1 |a радиометрический анализ 
610 1 |a контроль 
675 |a 550.83.5  |v 3 
700 1 |a Железнова  |b Е. И.  |g Евгения Ивановна 
701 1 |a Шумилин  |b И. П.  |g Игорь Петрович 
701 1 |a Юфа  |b Б. Я.  |g Борис Яковлевич 
801 1 |a RU  |b 63413507  |c 20080910  |g PSBO 
801 2 |a RU  |b 63413507  |c 20181219  |g PSBO 
942 |c BK